Osiedla Jeleniej Góry (z mapą) - Statystyki

Ogólne statystyki
  • Ten quiz został rozwiązany 2 011 razy
    2 005 od ostatniego zresetowania
  • Średni wynik to 8 z 39
Odpowiedzi na mapie
Odpowiedzi zakodowano w zielono-czerwonej skali na mapie do tego quizu, zgodnie z poniższymi procentami.
 
Statystyki odpowiedzi
Odpowiedź % Poprawnych
Cieplice Śląskie-Zdrój
62%
Sobieszów
62%
Dwudziestolecia / Stare / Fampa
38%
Jagniątków
38%
Śródmieście
38%
Zabobrze II
38%
Czarne
31%
Maciejowa
31%
Robotnicze
31%
Stare Miasto / Starówka
31%
Zabobrze I
31%
Zabobrze III
31%
Goduszyn
23%
Grabary
23%
Paulinum / Europejskie
23%
Dzielnica Przemysłowa
15%
Karkonoski Park Narodowy
15%
Orle
15%
Orzeszkowej
15%
Pekin / Lwówecka
15%
Polskiego Czerwonego Krzyża
15%
Skowronków
15%
Strupice
15%
Żeromskiego
15%
Borowy Jar
8%
Chojnik
8%
Enklawa
8%
Grzybek
8%
Kolejarskie
8%
Kruszwicka
8%
Lotnisko
8%
Malinnik / Widok
8%
Podchorążych
8%
Pomorskie
8%
Rakownica
8%
Słowackiego / Mała Poczta
8%
Wzgórze Kościuszki / Wzgórze Kosmonautów
8%
Zachodnia
8%
Zatorze
8%
Nie znaleziono quizów pasujących do podanych kryteriów
Rozkład punktacji
Procent ludzi z każdym wynikiem
Percentyl według liczby udzielonych odpowiedzi
Twoja historia wyników
Nie rozwiązałeś tego quizu od ostatniego zresetowania